000 00615nam a2200217 a 4500
001 67359
003 BD-RjUL
005 20211209081636.0
008 170323r1964 nyua 000 0 eng d
035 _a(BD-RjUL)67490
040 _aDLC
_cDLC
_dBD-RjUL
_beng
041 _aeng
082 0 0 _a541.2
_223
_bGAM 1964
100 1 _aGamow, G.
_9199572
245 1 0 _aMr. Tompkins explores the atom /
_cby G. Gamow
260 _aNew York :
_bThe University press,
_c1944 [Reprinted 1964].
300 _ax, 97 p. :
_bill. ;
_c22 cm.
650 0 _aTheoretical Chemistry
_9199573
650 0 _aAtoms.
_9191980
942 _2ddc
_cBK
999 _c67359
_d67359